00922cam a22002414a 450000100090000000300040000900500170001300800410003002000180007104000090008908200220009810000230012024500890014325000120023226000370024430000090028150400510029065000260034165000240036785601060039185600910049785600920058812684236OSt20200127132335.0020212s2003 ohua b 001 0 eng  a9788131518519 coclc00a658.403072bZIK/B aZikmund, William G10aBusiness research methods /cWilliam G. Zikmund ; Balban ; Carr ; Adhikari ; Griffin a8th ed. aDelhi:bCengage Learning,c2013. a750p aIncludes bibliographical references and index. 0aManagementxResearch. 0aBusinessxResearch.423Contributor biographical informationuhttp://www.loc.gov/catdir/enhancements/fy1102/2002020827-b.html423Publisher descriptionuhttp://www.loc.gov/catdir/enhancements/fy1102/2002020827-d.html413Table of contents onlyuhttp://www.loc.gov/catdir/enhancements/fy1102/2002020827-t.html